000 04097nam0a2200397 4500
001 RU\NLR\BIBL_A\012733190
005 20220415181353.0
010 _a978-5-6043736-9-9
_9300
021 _aRU
_bКН-П-21-084327
_9КН-П-21-6720
035 _a(NLR Aleph) 012733190
035 _a(RuMoRGB)010899110
090 _a12978916
_c12978916
100 _a20220318d2021 k y0rusy50 ca
101 0 _arus
_deng
102 _aRU
105 _aa|||z|||100zy
181 0 _ai3
_baxxe
182 0 _an
200 1 _aВопросы образования: современные тренды, технологии и качество
_eсборник материалов I всероссийской (с международным участием) научно-практической конференции (11-12 ноября 2021 г., Новороссийск)
_fАвтономная некоммерческая организация высшего образования Московский гуманитарно-экономический университет, Новороссийский институт (филиал)
_gответственный редактор: Лебедева Н.Г.
_gпод общей редакцией Л. А. Демидовой, Т. А. Куткович
203 _aТекст
_bвизуальный
_cнепосредственный
210 _aНовороссийск
_cНовороссийский институт (филиал) Автономной некоммерческой организации высшего образования Московского гуманитарно-экономического университета
_d2021
215 _a231 с.
_cил., табл., цв. ил.
_d21
300 _aРез. англ.
320 _aБиблиогр. в конце ст.
330 _aВ сборнике материалов представлены статьи участников I Всероссийской с международным участием научно-практической конференции, посвященные актуальным вопросам образования, а именно его качеству, современным технологиям и трендам. Авторами статей приведены результаты теоретических и прикладных изысканий представителей научного и образовательного сообщества в области образования. Публикуемые материалы имеют научную и практическую направленность и могут представлять интерес для широкого круга ученых, аспирантов, обучающихся и специалистов-практиков
606 1 _aОбразование
_yРоссийская Федерация
_jСъезды, совещания и т.п
_2nlr_sh1
_2nlr_sh2
_3RU\NLR\AUTH\661375304
686 1 _aЧ34(2Р)я431
702 1 _aЛебедева
_bН. Г.
_cпсихолог, ред. изд-ва
_gНаталия Геннадиевна
_3RU\NLR\AUTH\770189952
_4340
702 1 _aДемидова
_bЛ. А.
_f1945-
_gЛюбовь Анисимовна
_4340
711 1 2 _a"Вопросы образования: современные тренды, технологии и качество", всероссийская (с международным участием) научно-практическая конференция
_d1
_f2021
_eНовороссийск
_3RU\NLR\AUTH\880561486
712 0 2 _aМосковский гуманитарно-экономический университет
_bНовороссийский институт (филиал)
_3RU\NLR\AUTH\880466901
_4475
942 _cBOOK
980 _aNB